01126nam a2200265 i 4500001000300000245023600003246004700239260004400286300004800330500006100378504002400439650002500463650002300488650003000511655002900541700002700570700003200597700002900629020001500658040000800673041001100681080002900692008004100721856009800762bg00aProceedings of the fourth international conference on Intermolecular interactions in matter /ced. by K[eshra] Sangwal, J[an] M[arian] Olchowik, E[dward] Śpiewla ; Technical University of Gdańsk, Technical University of Lublin.14aIntermolecular interactions in matter 1997 aLublin :bPolitechnika Lubelska,c1997. a[10], 169 s. :bfot., rys., wykr. ;c24 cm. aTyt. okł. : Intermolecular interactions in matter 1997. aBibliogr. przy ref. 9aCząsteczkaxchemia 9aFizyka molekularna 9aPrzemiany fazowexbadanie aMateriały konferencyjne1 aSANGWAL, Keshra.eRed.1 aOLCHOWIK, Jan Marian.eRed.1 aEDWARD, Śpiewla.eRed. a8387270660 cBPK0 aenben a539.2:539.19:544](061.3) s pl f |000 0 pol  uhttp://koha.tu.koszalin.pl/cgi-bin/koha/opac-detail.pl?biblionumber=32646yKatalog online BPK